| 000 | 00398nam a2200169Ia 4500 | ||
|---|---|---|---|
| 001 | 23332 | ||
| 005 | 20260414150930.0 | ||
| 008 | 260414t2010||||xx |||||||||||||| ||spa|| | ||
| 041 | _aESP | ||
| 082 |
_a629.8 _bP59 |
||
| 100 |
_aPinto Bermúdez, Enrique _eAUT |
||
| 245 | 0 |
_aFundamentos de control con Matlab _b |
|
| 260 | _c2010 | ||
| 650 | _aCNM | ||
| 654 | _aCCN | ||
| 942 |
_cLIB _dJUS _fJUS _2ddc _n |
||
| 999 |
_c23332 _d23332 |
||